000 00993nam0a22002411 4500
001 rc\2328631
005 20260407025729.0
035 _a(NLR Aleph) 006472572
090 _a5950452
_c5950452
100 _a20110829d1977 |||y0rusy50 ca
101 0 _arus
102 _aRU
105 _aa b |||||
200 1 _aПанели распределительные электрической энергии типа ПСН-1100, ПСН-1200, ПСН-1500
_e[Изготовитель: Среднеаз. произв. об-ние "Средазэлектроаппарат"]
_e[Каталог]
210 _aМосква
_cБ. и.
_d1977
215 _a41 с.
_cсхем.
_d29
225 1 _aИнформэлектро
_v06.10.02-77
_iЭлектротехника СССР
712 0 2 _a"Электроаппарат", об-ние
_cТашкент
_9520808
_3RU\NLR\AUTH\8810011550
801 0 _aRU
_bNLR
_gpsbo
801 1 _aRU
_bELAR
_2rusmarc
852 _aNLR
_jПт 20/1-06.10.02-77
942 _cBOOK
980 _aNB